000
00217 a2200085 4500
001
90195
090
_c
42536
_d
42536
245
_a
Hazrat Zolkifl (A S) bachoon kelie qasasul ambia
260
_a
Karachi
_b
Children Quran Society
_c
2006
942
_a
NUST-CAE
999
_c
325268
_d
325268